[Event "POL-ch Universities"]
[Site "Lublin"]
[Date "2024.02.24"]
[Round "5"]
[White "Dixa, Oskar"]
[Black "Marczuk, Dominik"]
[Result "1/2-1/2"]
[WhiteElo "2066"]
[BlackElo "2283"]
[PlyCount "43"]
[EventDate "2024.02.23"]
[EventType "swiss"]
[EventRounds "9"]
[EventCountry "POL"]
[SourceTitle "CB10_2024"]
[SourceDate "2024.03.06"]
[SourceVersion "1"]
[SourceVersionDate "2024.03.06"]
[SourceQuality "1"]

1. e4 c5 2. Nf3 Nc6 3. d4 cxd4 4. Nxd4 g6 5. Be3 Nf6 6. Nc3 Bg7 7. Be2 0-0 8. 0-0 d5 9. exd5 Nxd5 10. Nxd5 Qxd5 11. Bf3 Qc4 12. Nxc6 bxc6 13. c3 Bf5 14. Qb3 Qa6 15. a4 Rfd8 16. Qa3 e6 17. Qc5 Rdc8 18. b4 Bf8 19. Qe5 Bg7 20. Qc5 Bf8 21. Qe5 Bg7 22. Qc5 1/2-1/2

[Event "Ustron op-B"]
[Site "Ustron"]
[Date "2023.08.16"]
[Round "6"]
[White "Dixa, Oskar"]
[Black "Warchol, Kamil"]
[Result "1/2-1/2"]
[WhiteElo "2086"]
[BlackElo "2102"]
[PlyCount "99"]
[EventDate "2023.08.11"]
[EventType "swiss"]
[EventRounds "9"]
[EventCountry "POL"]
[SourceTitle "CBM 215 Extra"]
[Source "ChessBase"]
[SourceDate "2023.09.30"]
[SourceVersion "1"]
[SourceVersionDate "2023.09.30"]
[SourceQuality "1"]

1. e4 c5 2. Nf3 e6 3. b3 b6 4. c4 Bb7 5. Nc3 Nf6 6. e5 Ne4 7. Nxe4 Bxe4 8. Bb2 Nc6 9. Be2 d5 10. exd6 Bxd6 11. d3 Bf5 12. d4 cxd4 13. Nxd4 Bb4+ 14. Kf1 Nxd4 15. Qxd4 Qxd4 16. Bxd4 0-0 17. g4 Bc2 18. Rc1 Be4 19. f3 Rfd8 20. Be3 Bg6 21. Kf2 Ba3 22. Rcd1 Bc2 23. Rxd8+ Rxd8 24. f4 Kf8 25. Bc1 Bc5+ 26. Be3 a5 27. Rc1 Be4 28. Rd1 Rxd1 29. Bxd1 Ke7 30. Bxc5+ bxc5 31. Ke3 Bb1 32. a3 Kd6 33. Kd2 e5 34. fxe5+ Kxe5 35. Kc3 h5 36. gxh5 Be4 37. b4 axb4+ 38. axb4 cxb4+ 39. Kxb4 f5 40. c5 f4 41. Kb5 f3 42. Kb6 f2 43. Be2 Bg2 44. c6 f1Q 45. Bxf1 Bxf1 46. c7 Bh3 47. Kb7 Kf4 48. c8Q Bxc8+ 49. Kxc8 Kg5 50. Kd7 1/2-1/2

[Event "Ustron op-B"]
[Site "Ustron"]
[Date "2022.08.18"]
[Round "7"]
[White "Wysocki, Mateusz"]
[Black "Dixa, Oskar"]
[Result "1/2-1/2"]
[WhiteElo "1857"]
[BlackElo "2078"]
[PlyCount "209"]
[EventDate "2022.08.12"]
[EventType "swiss"]
[EventRounds "9"]
[EventCountry "POL"]
[SourceTitle "CBM 209 Extra"]
[Source "ChessBase"]
[SourceDate "2022.09.30"]
[SourceVersion "1"]
[SourceVersionDate "2022.09.30"]
[SourceQuality "1"]

1. e4 c5 2. Nf3 d6 3. d4 cxd4 4. Qxd4 Nc6 5. Qe3 Nf6 6. h3 g6 7. Be2 Bg7 8. 0-0 0-0 9. c4 h6 10. Nc3 Be6 11. Rb1 a5 12. b3 Nd7 13. Rd1 Nc5 14. Bb2 f6 15. Nd5 Bf7 16. Ba1 e6 17. Nf4 e5 18. Nd5 Nb4 19. Nc3 Nc2 20. Qd2 Nxa1 21. Rxa1 Ra6 22. Bd3 Qe7 23. Qc2 Be6 24. a3 Qf7 25. Nd2 Rc8 26. Nd5 Rac6 27. b4 axb4 28. axb4 Nxd3 29. Qxd3 Bxd5 30. exd5 R6c7 31. Rac1 f5 32. f3 Bf6 33. Nb3 Bg5 34. Rc2 b6 35. Ra1 Re8 36. Re1 Rce7 37. Rce2 Bh4 38. Rf1 Bg5 39. c5 bxc5 40. bxc5 dxc5 41. Nxc5 Rd8 42. d6 Ree8 43. Rd1 Qa7 44. Qc4+ Kh7 45. d7 Re7 46. Kh1 Qb6 47. Qd5 Bf6 48. Ra2 Bh4 49. Ra6 Qb5 50. Rd6 e4 51. fxe4 fxe4 52. Nb7 Qxd5 53. R6xd5 e3 54. Nxd8 e2 55. Nc6 Rf7 56. Kg1 Bf2+ 57. Kh2 Bh4 58. g3 Rf1 59. gxh4 Rxd1 60. Re5 Rxd7 61. Rxe2 Rd6 62. Ne5 Kg7 63. Kg3 Ra6 64. Ng4 h5 65. Ne5 Ra3+ 66. Nf3 Kf6 67. Kf4 Ra4+ 68. Re4 Ra1 69. Rb4 Rf1 70. Rb6+ Kg7 71. Kg3 Kh7 72. Rb7+ Kh6 73. Ne5 Rg1+ 74. Kf2 Ra1 75. Nf7+ Kg7 76. Ng5+ Kf6 77. Rb6+ Kf5 78. Rb5+ Kf6 79. Ne4+ Kg7 80. Rc5 Ra3 81. Rc3 Ra1 82. Kg3 Rg1+ 83. Kf4 Rf1+ 84. Rf3 Ra1 85. Nf2 Ra4+ 86. Kg3 Ra1 87. Nd3 Rg1+ 88. Kf4 Ra1 89. Ne5 Kh6 90. Rg3 Ra4+ 91. Ke3 Ra3+ 92. Kf2 Ra2+ 93. Ke3 Ra3+ 94. Nd3 Ra4 95. Nf4 Ra3+ 96. Kf2 Ra2+ 97. Ke1 Ra1+ 98. Kd2 Ra2+ 99. Ke3 Ra3+ 100. Kf2 Ra2+ 101. Ne2 Ra4 102. Kf3 Rxh4 103. Nf4 g5 104. Ne6 Rxh3 105. Rxh3 1/2-1/2

[Event "Ustron op-B"]
[Site "Ustron"]
[Date "2022.08.17"]
[Round "6"]
[White "Dixa, Oskar"]
[Black "Starosta, Martyna"]
[Result "1-0"]
[WhiteElo "2078"]
[BlackElo "1895"]
[PlyCount "105"]
[EventDate "2022.08.12"]
[EventType "swiss"]
[EventRounds "9"]
[EventCountry "POL"]
[SourceTitle "CBM 209 Extra"]
[Source "ChessBase"]
[SourceDate "2022.09.30"]
[SourceVersion "1"]
[SourceVersionDate "2022.09.30"]
[SourceQuality "1"]

1. d4 Nf6 2. c4 e6 3. Nf3 Bb4+ 4. Bd2 Qe7 5. g3 Bxd2+ 6. Qxd2 Nc6 7. b3 Ne4 8. Qb2 f5 9. Bg2 0-0 10. 0-0 d6 11. Nbd2 Nxd2 12. Nxd2 Bd7 13. f4 Rae8 14. Rae1 Qf6 15. Nf3 Ne7 16. e4 fxe4 17. Rxe4 Bc6 18. Re2 Nf5 19. Rd1 b6 20. Ne1 Bxg2 21. Nxg2 h5 22. b4 h4 23. Rd3 hxg3 24. hxg3 Qg6 25. Qc3 Qh5 26. Qe1 Rf6 27. d5 Kf7 28. c5 Re7 29. cxd6 cxd6 30. Qd1 Rg6 31. Kf2 Qh2 32. dxe6+ Kg8 33. Qb3 Nh4 34. Qd5 Nxg2 35. Qxg2 Rgxe6 36. Rxe6 Qxg2+ 37. Kxg2 Rxe6 38. Kf3 Kf7 39. f5 Rf6 40. Kf4 Ke8 41. g4 Rf7 42. Rxd6 Rc7 43. Rd4 b5 44. Kg5 Rc2 45. Kg6 Rc4 46. Rxc4 bxc4 47. Kxg7 c3 48. f6 c2 49. f7+ Kd7 50. f8Q c1Q 51. Qf5+ Kd8 52. Qd5+ Ke8 53. Qa8+ 1-0

[Event "Ustron op-B"]
[Site "Ustron"]
[Date "2022.08.12"]
[Round "1"]
[White "Raszka, Janusz"]
[Black "Dixa, Oskar"]
[Result "1/2-1/2"]
[WhiteElo "1924"]
[BlackElo "2078"]
[PlyCount "83"]
[EventDate "2022.08.12"]
[EventType "swiss"]
[EventRounds "9"]
[EventCountry "POL"]
[SourceTitle "CBM 209 Extra"]
[Source "ChessBase"]
[SourceDate "2022.09.30"]
[SourceVersion "1"]
[SourceVersionDate "2022.09.30"]
[SourceQuality "1"]

1. e4 e5 2. Nf3 Nc6 3. Nc3 Nf6 4. Bb5 Bb4 5. d3 d6 6. 0-0 0-0 7. Bg5 Bxc3 8. bxc3 h6 9. Bc1 Ne7 10. Re1 a6 11. Bc4 b5 12. Bb3 c5 13. a4 Bb7 14. axb5 axb5 15. Rxa8 Qxa8 16. c4 b4 17. Bd2 Nd7 18. Nh4 f5 19. exf5 Nxf5 20. Nxf5 Rxf5 21. Qg4 Rf7 22. c3 Nf6 23. Qg6 bxc3 24. Bxc3 Qa3 25. Rb1 Bc6 26. Bd2 Be8 27. Bc1 Ra7 28. Qg3 Qb4 29. Qe3 Bg6 30. Bd2 Qb8 31. Bc2 Rb7 32. Rc1 Kh7 33. f4 exf4 34. Qxf4 d5 35. Qh4 dxc4 36. Qxc4 Qe5 37. Bf4 Qd5 38. Qxd5 Nxd5 39. Bd6 Nb4 40. Bxc5 Nxc2 41. Rxc2 Bxd3 42. Rd2 1/2-1/2

[Event "POL-chT 2nd League"]
[Site "Sypniewo"]
[Date "2021.09.10"]
[Round "7.10"]
[White "Szewczyk, Mariusz1111"]
[Black "Dixa, Oskar"]
[Result "0-1"]
[WhiteElo "2119"]
[BlackElo "1988"]
[PlyCount "116"]
[EventDate "2021.09.04"]
[EventType "team-swiss"]
[EventRounds "9"]
[EventCountry "POL"]
[SourceTitle "CBM 204 Extra"]
[Source "ChessBase"]
[SourceDate "2021.11.30"]
[SourceVersion "1"]
[SourceVersionDate "2021.11.30"]
[SourceQuality "1"]
[WhiteTeam "Bialoleka Sparta"]
[BlackTeam "Kalisz KTS"]
[WhiteTeamCountry "POL"]
[BlackTeamCountry "POL"]

1. e4 c5 2. Nf3 e6 3. d4 cxd4 4. Nxd4 Nf6 5. Bd3 Nc6 6. Nxc6 bxc6 7. 0-0 d5 8. e5 Nd7 9. f4 g6 10. Nd2 Qb6+ 11. Kh1 Nc5 12. Nb3 Nxd3 13. cxd3 a5 14. Qc2 a4 15. Nd4 c5 16. Nf3 Bd7 17. Be3 Be7 18. Bf2 Rc8 19. Bh4 Bxh4 20. Nxh4 c4 21. dxc4 Rxc4 22. Qd2 0-0 23. Nf3 Qb4 24. Qf2 Rxf4 25. a3 Qe4 26. Qb6 d4 27. Rad1 d3 28. Rfe1 Qf5 29. Nd4 Qg5 30. Nf3 Qf5 31. Qe3 Bc6 32. Qxd3 Rxf3 33. gxf3 Bxf3+ 34. Kg1 Qg4+ 35. Kf2 Bxd1 36. Qxd1 Qf4+ 37. Kg1 Rb8 38. Re2 Kg7 39. Rf2 Qg5+ 40. Kh1 Qxe5 41. Qxa4 Rxb2 42. Rxb2 Qxb2 43. Qa7 e5 44. a4 e4 45. a5 e3 46. Qxe3 Qa1+ 47. Qg1 Qxa5 48. Qd4+ Kg8 49. Qd6 Qa1+ 50. Kg2 Kg7 51. Qc7 Qd4 52. Qe7 h5 53. h4 Qf6 54. Qb4 Kh7 55. Kh2 Qe5+ 56. Kh1 Qf5 57. Qe7 Kg7 58. Qd8 Qf6 0-1

[Event "POL-chT 2nd League"]
[Site "Sypniewo"]
[Date "2021.09.09"]
[Round "6.10"]
[White "Dixa, Oskar"]
[Black "Osinski, Emil"]
[Result "0-1"]
[WhiteElo "1988"]
[BlackElo "2171"]
[PlyCount "44"]
[EventDate "2021.09.04"]
[EventType "team-swiss"]
[EventRounds "9"]
[EventCountry "POL"]
[SourceTitle "CBM 204 Extra"]
[Source "ChessBase"]
[SourceDate "2021.11.30"]
[SourceVersion "1"]
[SourceVersionDate "2021.11.30"]
[SourceQuality "1"]
[WhiteTeam "Kalisz KTS"]
[BlackTeam "Wroclaw Hetman"]
[WhiteTeamCountry "POL"]
[BlackTeamCountry "POL"]

1. e4 c5 2. Nf3 Nc6 3. b3 e6 4. Bb2 a6 5. d4 cxd4 6. Nxd4 Nge7 7. Bd3 Ng6 8. Nxc6 dxc6 9. 0-0 e5 10. g3 Bh3 11. Re1 Bc5 12. Nd2 h5 13. Nc4 Qf6 14. Ne3 h4 15. Bf1 hxg3 16. hxg3 Bxf1 17. Rxf1 Qg5 18. Nf5 Rh3 19. Bxe5 Nxe5 20. Kg2 Rd8 21. Qe1 Rh2+ 22. Kg1 Nf3# 0-1

[Event "POL-chT 2nd League"]
[Site "Sypniewo"]
[Date "2021.09.05"]
[Round "2.14"]
[White "Dixa, Oskar"]
[Black "Mickiewicz, Piotr"]
[Result "0-1"]
[WhiteElo "1988"]
[BlackElo "2308"]
[PlyCount "84"]
[EventDate "2021.09.04"]
[EventType "team-swiss"]
[EventRounds "9"]
[EventCountry "POL"]
[SourceTitle "CBM 204 Extra"]
[Source "ChessBase"]
[SourceDate "2021.11.30"]
[SourceVersion "1"]
[SourceVersionDate "2021.11.30"]
[SourceQuality "1"]
[WhiteTeam "Kalisz KTS"]
[BlackTeam "Zielonka Zieloni"]
[WhiteTeamCountry "POL"]
[BlackTeamCountry "POL"]

1. e4 c5 2. Nf3 d6 3. d4 Nf6 4. Nc3 cxd4 5. Nxd4 Nc6 6. Bg5 e6 7. Qd2 h6 8. Bxf6 gxf6 9. 0-0-0 a6 10. f4 Bd7 11. Kb1 h5 12. f5 Bh6 13. Nxc6 Bxc6 14. Qxd6 Qxd6 15. Rxd6 Bf4 16. Rd1 Ke7 17. Bd3 Rag8 18. g3 Be5 19. Rhg1 h4 20. gxh4 Rxg1 21. Rxg1 Rxh4 22. Re1 Bxc3 23. bxc3 Rxh2 24. fxe6 fxe6 25. e5 Rh1 26. Rxh1 Bxh1 27. exf6+ Kxf6 28. Kc1 Ke5 29. Kd2 Kf4 30. Bc4 e5 31. Ke2 Bf3+ 32. Ke1 Ke3 33. Be6 Be4 34. Bc8 a5 35. a3 b6 36. Kd1 Kf2 37. Kd2 Bf3 38. Kd3 e4+ 39. Kd4 e3 40. Ba6 Be2 41. Bc8 Bb5 42. Bg4 Bc6 0-1

[Event "POL-ch U18"]
[Site "Szklarska Poreba"]
[Date "2021.03.18"]
[Round "6"]
[White "Redzisz, Michal"]
[Black "Dixa, Oskar"]
[Result "0-1"]
[WhiteElo "2319"]
[BlackElo "2037"]
[PlyCount "90"]
[EventDate "2021.03.13"]
[EventType "swiss"]
[EventRounds "9"]
[EventCountry "POL"]
[SourceTitle "CBM 201 Extra"]
[Source "ChessBase"]
[SourceDate "2021.05.31"]
[SourceVersion "1"]
[SourceVersionDate "2021.05.31"]
[SourceQuality "1"]

1. d4 Nf6 2. c4 e6 3. Nc3 d5 4. cxd5 exd5 5. Bg5 c6 6. e3 Bf5 7. Qf3 Bg6 8. Bxf6 Qxf6 9. Qxf6 gxf6 10. Kd2 Nd7 11. h4 h5 12. Nh3 Bd6 13. Be2 Nf8 14. a3 Ne6 15. b4 Ke7 16. b5 Rad8 17. Rhc1 c5 18. Nxd5+ Kf8 19. Rc4 cxd4 20. exd4 Be5 21. dxe5 Rxd5+ 22. Kc3 fxe5 23. a4 Ke7 24. Rd1 Rhd8 25. Rxd5 Rxd5 26. Ng5 Nd4 27. Bf3 Nxf3 28. Nxf3 Kd7 29. Kb4 f6 30. a5 Bd3 31. Rc5 Kd6 32. Rxd5+ Kxd5 33. Ne1 Be4 34. f3 Bf5 35. g3 Kd4 36. Ng2 b6 37. a6 Kd3 38. Ne1+ Ke2 39. g4 hxg4 40. fxg4 Bxg4 41. Nc2 Kd3 42. Ne1+ Kd2 43. Ng2 e4 44. Nf4 e3 45. Nd5 e2 0-1

[Event "POL-ch U18"]
[Site "Szklarska Poreba"]
[Date "2021.03.13"]
[Round "1"]
[White "Owoc, Jakub"]
[Black "Dixa, Oskar"]
[Result "0-1"]
[WhiteElo "1787"]
[BlackElo "2037"]
[PlyCount "128"]
[EventDate "2021.03.13"]
[EventType "swiss"]
[EventRounds "9"]
[EventCountry "POL"]
[SourceTitle "CBM 201 Extra"]
[Source "ChessBase"]
[SourceDate "2021.05.31"]
[SourceVersion "1"]
[SourceVersionDate "2021.05.31"]
[SourceQuality "1"]

1. d4 Nf6 2. c4 e6 3. Nf3 d5 4. Nc3 Be7 5. cxd5 exd5 6. Bg5 0-0 7. Qc2 c6 8. e3 h6 9. Bh4 Be6 10. Bd3 Nbd7 11. 0-0 Ne8 12. Bxe7 Qxe7 13. Rfe1 f5 14. Ne2 Nd6 15. b4 Ne4 16. Rab1 Rac8 17. Nd2 Ndf6 18. f3 Nd6 19. Ng3 Qd7 20. Nb3 b6 21. Rbc1 Nfe8 22. Ne2 Qf7 23. Rf1 Nc4 24. Bxc4 dxc4 25. Nd2 b5 26. Nc3 Qd7 27. Rfe1 Nc7 28. Nf1 f4 29. Rcd1 fxe3 30. Ne4 Nd5 31. a3 e2 32. Rxe2 Nf4 33. Nc5 Qd6 34. Re5 Bd5 35. Ng3 Rce8 36. Rde1 Rxe5 37. dxe5 Qg6 38. Qd2 h5 39. Nd7 Qd3 40. Qc1 Nxg2 41. Rd1 Qe3+ 42. Qxe3 Nxe3 43. Re1 Nc2 44. Rc1 Rd8 45. Rxc2 Rxd7 46. Rc3 h4 47. Ne2 g5 48. Kf2 Kf7 49. f4 Kg6 50. Ke3 gxf4+ 51. Kxf4 Rf7+ 52. Kg4 Be6+ 53. Kxh4 Rf2 54. Re3 Rxh2+ 55. Kg3 Rh3+ 56. Kf4 Rh4+ 57. Kf3 Kg5 58. Ng3 Bd5+ 59. Kf2 Rh2+ 60. Ke1 Kf4 61. Nf1 Rh1 62. Re2 Be6 63. Kf2 Rh3 64. Ne3 Rf3+ 0-1

[Event "POL-ch U20"]
[Site "Pokrzywna"]
[Date "2020.12.04"]
[Round "7"]
[White "Dixa, Oskar"]
[Black "Karpus, Michal"]
[Result "1/2-1/2"]
[WhiteElo "2087"]
[BlackElo "2311"]
[PlyCount "61"]
[EventDate "2020.11.30"]
[EventType "swiss"]
[EventRounds "9"]
[EventCountry "POL"]
[SourceTitle "CBM 199 Extra"]
[Source "ChessBase"]
[SourceDate "2021.01.31"]
[SourceVersion "1"]
[SourceVersionDate "2021.01.31"]
[SourceQuality "1"]

1. d4 Nf6 2. c4 e6 3. Nf3 d5 4. e3 c6 5. b3 Bd6 6. Bd3 0-0 7. 0-0 Nbd7 8. Bb2 Ne4 9. Nbd2 f5 10. Ne5 Qc7 11. f4 Ndf6 12. Ndf3 Bd7 13. Rc1 Be8 14. c5 Be7 15. b4 Kh8 16. a4 Rg8 17. b5 g5 18. bxc6 bxc6 19. Ra1 Bh5 20. a5 g4 21. Bxe4 Nxe4 22. Ne1 Rab8 23. N1d3 Rb5 24. Qc2 a6 25. Rfb1 Rgb8 26. Ba3 Be8 27. Bb4 g3 28. h3 R8b7 29. Rb2 Qb8 30. Rab1 Bd8 31. Be1 1/2-1/2

[Event "Pardubice Czech op-A 31st"]
[Site "Pardubice"]
[Date "2020.09.28"]
[Round "9"]
[White "Krasteva, Beloslava"]
[Black "Dixa, Oskar"]
[Result "1-0"]
[WhiteElo "2296"]
[BlackElo "1972"]
[PlyCount "79"]
[EventDate "2020.09.21"]
[EventType "swiss"]
[EventRounds "9"]
[EventCountry "CZE"]
[SourceTitle "CBM 198 Extra"]
[Source "ChessBase"]
[SourceDate "2020.11.30"]
[SourceVersion "1"]
[SourceVersionDate "2020.11.30"]
[SourceQuality "1"]

1. d4 Nf6 2. c4 e6 3. Nc3 Bb4 4. e3 0-0 5. Bd3 d5 6. a3 Bxc3+ 7. bxc3 c5 8. cxd5 exd5 9. Ne2 Nc6 10. 0-0 Re8 11. f3 cxd4 12. cxd4 a6 13. Ng3 b5 14. Ra2 Bb7 15. Re2 Qb6 16. Kh1 Rad8 17. Nf5 g6 18. Ng3 b4 19. Qa4 a5 20. Bd2 Rb8 21. Rc1 Rec8 22. Rc5 bxa3 23. Qxa3 Nb4 24. Rxa5 Nxd3 25. Qxd3 Rc1+ 26. Re1 Rxe1+ 27. Bxe1 Bc6 28. Ra1 Bb5 29. Qa3 h5 30. h4 Bc4 31. Kg1 Qd8 32. Bf2 Rb3 33. Qc5 Nd7 34. Qd6 Rb6 35. Qf4 Nf8 36. Ra7 Rb1+ 37. Kh2 f5 38. Nxf5 Qb8 39. Nh6+ Kh8 40. Rc7 1-0

[Event "Pardubice Czech op-A 31st"]
[Site "Pardubice"]
[Date "2020.09.27"]
[Round "8"]
[White "Dixa, Oskar"]
[Black "Wedda, Dries"]
[Result "1-0"]
[WhiteElo "1972"]
[BlackElo "2246"]
[PlyCount "63"]
[EventDate "2020.09.21"]
[EventType "swiss"]
[EventRounds "9"]
[EventCountry "CZE"]
[SourceTitle "CBM 198 Extra"]
[Source "ChessBase"]
[SourceDate "2020.11.30"]
[SourceVersion "1"]
[SourceVersionDate "2020.11.30"]
[SourceQuality "1"]

1. d4 Nf6 2. c4 e6 3. Nf3 d5 4. g3 Bb4+ 5. Bd2 Be7 6. Nc3 0-0 7. Bg2 dxc4 8. Qa4 a6 9. Qxc4 b5 10. Qb3 Bb7 11. 0-0 c5 12. dxc5 Nbd7 13. c6 Bxc6 14. a3 Nc5 15. Qc2 Rc8 16. Rfd1 Nce4 17. Be3 Bd5 18. Rd3 Ng4 19. Bd4 Bc5 20. Nxd5 exd5 21. Bxc5 Rxc5 22. Qb3 Ngxf2 23. Rd4 Qb6 24. e3 Rfc8 25. Rf1 Ng4 26. Bh3 h5 27. Ne5 Qe6 28. Nd3 Rc3 29. Qxd5 Qxd5 30. Rxd5 Nxe3 31. bxc3 Rxc3 32. Rd8+ 1-0

[Event "POL-ch U18"]
[Site "Szklarska Poreba"]
[Date "2020.03.13"]
[Round "8"]
[White "Pacan Milej, Kosma"]
[Black "Dixa, Oskar"]
[Result "1-0"]
[WhiteElo "2333"]
[BlackElo "2052"]
[PlyCount "53"]
[EventDate "2020.03.07"]
[EventType "swiss"]
[EventRounds "8"]
[EventCountry "POL"]
[SourceTitle "CBM 195 Extra"]
[Source "ChessBase"]
[SourceDate "2020.05.31"]
[SourceVersion "1"]
[SourceVersionDate "2020.05.31"]
[SourceQuality "1"]

1. d4 Nf6 2. c4 e6 3. Nf3 d5 4. Nc3 Be7 5. Qc2 0-0 6. cxd5 exd5 7. Bf4 c6 8. h3 Be6 9. e3 Nbd7 10. Bd3 Re8 11. 0-0 Nf8 12. Rab1 Ng6 13. Bh2 Rc8 14. b4 b5 15. Ne5 Nd7 16. f4 Ndxe5 17. dxe5 Nf8 18. f5 Bd7 19. Qf2 Bg5 20. Ne2 c5 21. bxc5 Rxc5 22. Rb4 Qa5 23. Rg4 Bh6 24. Bf4 Bxf4 25. Qxf4 Qc7 26. Rxg7+ Kxg7 27. f6+ 1-0

[Event "POL-ch U18"]
[Site "Szklarska Poreba"]
[Date "2020.03.10"]
[Round "4"]
[White "Dixa, Oskar"]
[Black "Kozak, Antoni"]
[Result "1-0"]
[WhiteElo "2052"]
[BlackElo "2372"]
[PlyCount "147"]
[EventDate "2020.03.07"]
[EventType "swiss"]
[EventRounds "8"]
[EventCountry "POL"]
[SourceTitle "CBM 195 Extra"]
[Source "ChessBase"]
[SourceDate "2020.05.31"]
[SourceVersion "1"]
[SourceVersionDate "2020.05.31"]
[SourceQuality "1"]

1. d4 d5 2. c4 dxc4 3. e3 Nf6 4. Bxc4 e6 5. Nf3 a6 6. 0-0 b5 7. Be2 Nbd7 8. a4 b4 9. b3 Bb7 10. Nbd2 Be7 11. Bb2 0-0 12. Nc4 c5 13. Rc1 Qc7 14. dxc5 Rfd8 15. c6 Bxc6 16. Bd4 Qb8 17. Na5 Bd5 18. Bc4 Nf8 19. Ne5 Qd6 20. Bxd5 Qxd5 21. Nac6 Re8 22. Nxe7+ Rxe7 23. Nc6 Rd7 24. Nxb4 Qb7 25. Nd3 Ne4 26. f3 Rxd4 27. exd4 Nd6 28. Nc5 Qd5 29. Qd3 Ng6 30. Qe3 Rb8 31. Rfd1 Rb4 32. Qc3 a5 33. Nd7 h5 34. Qc6 Rxb3 35. Qxd5 exd5 36. Nc5 Rb2 37. Nd3 Ra2 38. Ra1 Rc2 39. Rdc1 Rd2 40. Rd1 Rc2 41. Rac1 Ra2 42. Rc5 Nc4 43. Re1 Nh4 44. Nf2 g6 45. Rxd5 Rxa4 46. Rc5 Ne3 47. Rxe3 Ra1+ 48. Nd1 Rxd1+ 49. Kf2 Rxd4 50. Re4 Nf5 51. Rxd4 Nxd4 52. Rxa5 Kg7 53. Ke3 Nc6 54. Ra6 Ne5 55. Kd4 Nd7 56. Rd6 Nf6 57. Rd8 Nh7 58. h4 Nf6 59. Ke5 Ng8 60. Rxg8+ Kxg8 61. Kf6 Kf8 62. f4 Kg8 63. g3 Kf8 64. f5 gxf5 65. Kxf5 Ke7 66. Kg5 Ke6 67. Kxh5 Kf5 68. Kh6 Kg4 69. h5 Kxg3 70. Kg5 f5 71. Kxf5 Kh4 72. h6 Kh5 73. h7 Kh6 74. h8Q# 1-0

[Event "POL-ch U18"]
[Site "Szklarska Poreba"]
[Date "2020.03.08"]
[Round "2"]
[White "Kulesza, Andrzej"]
[Black "Dixa, Oskar"]
[Result "0-1"]
[WhiteElo "1928"]
[BlackElo "2052"]
[PlyCount "58"]
[EventDate "2020.03.07"]
[EventType "swiss"]
[EventRounds "8"]
[EventCountry "POL"]
[SourceTitle "CBM 195 Extra"]
[Source "ChessBase"]
[SourceDate "2020.05.31"]
[SourceVersion "1"]
[SourceVersionDate "2020.05.31"]
[SourceQuality "1"]

1. e4 e5 2. Nf3 Nc6 3. Bb5 a6 4. Ba4 Nf6 5. 0-0 Be7 6. Re1 b5 7. Bb3 d6 8. c3 0-0 9. d4 Bg4 10. Be3 exd4 11. cxd4 Na5 12. Bc2 Nc4 13. Bc1 c5 14. b3 Nb6 15. Bb2 Rc8 16. Nbd2 Nfd7 17. Rc1 cxd4 18. h3 Bh5 19. g4 Bg6 20. Nxd4 Bg5 21. Nf5 Ne5 22. Bb1 Bxd2 23. Rxc8 Nxc8 24. Re2 Bf4 25. Rc2 Ne7 26. Ba3 Bxf5 27. exf5 Qa8 28. Rc3 b4 29. Bxb4 Nd5 0-1

[Event "POL-chT 2nd League"]
[Site "Jastrzebia Gora"]
[Date "2019.09.14"]
[Round "8.22"]
[White "Miasik, Adrian"]
[Black "Dixa, Oskar"]
[Result "1/2-1/2"]
[WhiteElo "1857"]
[BlackElo "1970"]
[PlyCount "54"]
[EventDate "2019.09.07"]
[EventType "team-swiss"]
[EventRounds "9"]
[EventCountry "POL"]
[SourceTitle "EXT 2020"]
[Source "ChessBase"]
[SourceDate "2019.10.17"]
[SourceVersion "1"]
[SourceVersionDate "2019.10.17"]
[SourceQuality "1"]
[WhiteTeam "Rzeszow RzKSz"]
[BlackTeam "Kalisz KTS"]
[WhiteTeamCountry "POL"]
[BlackTeamCountry "POL"]

1. d4 Nf6 2. Nf3 e6 3. c4 b6 4. e3 Bb7 5. Bd3 Be7 6. 0-0 0-0 7. Qe2 d5 8. cxd5 exd5 9. Nc3 Nbd7 10. b3 Ne4 11. Bb2 Rc8 12. Rac1 c5 13. Ba6 Qc7 14. dxc5 Bxa6 15. Qxa6 Ndxc5 16. Qe2 Qb7 17. Nd4 Bf6 18. Rfd1 Rfd8 19. Qg4 Qa6 20. Nxe4 dxe4 21. Nc6 Bxb2 22. Rxd8+ Rxd8 23. Nxd8 Bxc1 24. Qf5 h6 25. Qxf7+ Kh7 26. Qf5+ Kg8 27. Qf7+ Kh7 1/2-1/2

[Event "EU-ch U16"]
[Site "Bratislava"]
[Date "2019.08.10"]
[Round "9"]
[White "Trybus, Daniel"]
[Black "Dixa, Oskar"]
[Result "0-1"]
[WhiteElo "1874"]
[BlackElo "1968"]
[PlyCount "68"]
[EventDate "2019.08.02"]
[EventType "swiss"]
[EventRounds "9"]
[EventCountry "SVK"]
[SourceTitle "CBM 191 Extra"]
[Source "ChessBase"]
[SourceDate "2019.09.30"]
[SourceVersion "1"]
[SourceVersionDate "2019.09.30"]
[SourceQuality "1"]

1. e4 c5 2. Nf3 d6 3. d4 cxd4 4. Nxd4 Nf6 5. Nc3 e6 6. Bc4 Be7 7. Be3 0-0 8. Qe2 a6 9. 0-0-0 b5 10. Bb3 Bd7 11. g4 b4 12. Na4 Qa5 13. Nb6 Qxb6 14. Nxe6 Qb5 15. Bc4 Bxe6 16. Bxb5 axb5 17. Qxb5 Rxa2 18. f3 b3 19. cxb3 Nbd7 20. Kb1 Raa8 21. g5 Rfb8 22. Qc6 Bxb3 23. gxf6 Ba2+ 24. Ka1 Bd5+ 25. Qxa8 Rxa8+ 26. Kb1 Ba2+ 27. Kc1 Rc8+ 28. Kd2 Bxf6 29. Ra1 Be6 30. Ra6 Ne5 31. b4 Nxf3+ 32. Ke2 Bc4+ 33. Kxf3 Bxa6 34. Ra1 Bxa1 0-1

[Event "EU-ch U16"]
[Site "Bratislava"]
[Date "2019.08.09"]
[Round "8"]
[White "Dixa, Oskar"]
[Black "Vadila, Ondrej"]
[Result "0-1"]
[WhiteElo "1968"]
[BlackElo "2048"]
[PlyCount "80"]
[EventDate "2019.08.02"]
[EventType "swiss"]
[EventRounds "9"]
[EventCountry "SVK"]
[SourceTitle "CBM 191 Extra"]
[Source "ChessBase"]
[SourceDate "2019.09.30"]
[SourceVersion "1"]
[SourceVersionDate "2019.09.30"]
[SourceQuality "1"]

1. e4 c5 2. Nf3 g6 3. d4 cxd4 4. Nxd4 Bg7 5. Nc3 Nc6 6. Be3 Nf6 7. Bc4 Qa5 8. 0-0 0-0 9. Bb3 d6 10. h3 Bd7 11. Re1 Rac8 12. f4 Qh5 13. Qd3 Rfe8 14. Rad1 Na5 15. Nf3 Nxb3 16. axb3 Bxh3 17. Bxa7 Bg4 18. b4 Bh6 19. Ne2 Bxf3 20. gxf3 Qh3 21. Kf2 Qh2+ 22. Ke3 Nh5 23. Rh1 Bxf4+ 24. Nxf4 Qxf4+ 25. Kf2 Qg3+ 26. Ke3 Qg5+ 27. Kf2 Nf4 28. Qd2 Rxc2 29. Qxc2 Qg2+ 30. Ke3 Qxc2 31. Kxf4 Qxb2 32. Kg3 Qe5+ 33. Kf2 Rc8 34. Bd4 Rc2+ 35. Ke3 Qg5+ 36. Kd3 Qg2 37. Rhe1 Rc8 38. Ke3 e5 39. Ba1 Rc2 40. Kd3 Ra2 0-1

[Event "EU-ch U16"]
[Site "Bratislava"]
[Date "2019.08.03"]
[Round "2"]
[White "Dixa, Oskar"]
[Black "Mica, Marek"]
[Result "1/2-1/2"]
[WhiteElo "1968"]
[BlackElo "2170"]
[PlyCount "77"]
[EventDate "2019.08.02"]
[EventType "swiss"]
[EventRounds "9"]
[EventCountry "SVK"]
[SourceTitle "CBM 191 Extra"]
[Source "ChessBase"]
[SourceDate "2019.09.30"]
[SourceVersion "1"]
[SourceVersionDate "2019.09.30"]
[SourceQuality "1"]

1. e4 c6 2. d4 d5 3. Nc3 dxe4 4. Nxe4 Nf6 5. Nxf6+ exf6 6. Bf4 Bd6 7. Bxd6 Qxd6 8. c3 0-0 9. Bd3 Re8+ 10. Ne2 Nd7 11. 0-0 Nf8 12. Ng3 Ne6 13. Qc2 g6 14. Rfe1 f5 15. Nf1 Bd7 16. Nd2 Nf4 17. Bf1 Be6 18. Nc4 Qc7 19. Ne5 Kg7 20. Rad1 Re7 21. Qd2 Nd5 22. Bc4 Nf6 23. Bxe6 Rxe6 24. Nd3 Rae8 25. Rxe6 Rxe6 26. f3 Qe7 27. Re1 Nd5 28. Rxe6 Qxe6 29. Qe1 Kf6 30. Kf2 Ke7 31. c4 Qxe1+ 32. Nxe1 Nf4 33. Ke3 Ne6 34. Nd3 Kd6 35. b3 f6 36. Nb4 Nc7 37. Nd3 Ne6 38. Nb4 Nc7 39. Nd3 1/2-1/2